1225 1075 1659 1582 1253 1881 1561 1715 1880 1341 1086 1683 1990 1315 1779 1612 1704 1691 1372 1320 1249 1912 1202 1579 1347 1861 1589 1953 1597 1769 1639 1380 1068 1706 1344 1065 1226 1403 1604 1511 1902 1385 1914 1069 1605 1888 1218 1586 1338 1727 1316 1275 1771 1971 1660 1326 1853 1052 1048 1277 1959 1897 1432 1463 1774 1453 1984 1633 1406 1128 1085 1628 1165 1704 1802 1867 1146 1938 1245 1350 1591 1109 1532 1327 1346 1004 1910 1368 1313 1288 1053 1875 1917 1780 1212 1181 1933 1378 1032 BCNSPRNW ULIB Ver.6.0+V

เปลี่ยนเป็นภาษาไทย

Change to English
 แสดงรายละเอียดบรรณานุกรม
  กลับหน้าหลัก

Brief Record : Get Marc (ISO 2709) : E-mail record : QR code < ปิดหน้าต่าง
LEADER : 00000nam 2200000uu 4500
001    13399128026
003     ULIB
008    211223s2559||||th 000 0 tha d
020 ^- ^a9786160618675 (ชุด)
050 ^- ^aนว.^bซ696อ^cล.2
100 1^ aซู, โม่.
245 10 ^aอวลกลิ่นละอองรัก ล.2 /ซูโม่ เขียน ; อวี้ แปล.
250 ^- ^aพิมพ์ครั้งที่ 1.
260 ^- ^aกรุงเทพฯ :แจ่มใส,2559
300 ^- ^a2 เล่ม.
490 1^ aมากกว่ารัก
500 ^- ^aแปลจาก: Chen xiang ru xie.
653 ^- ^aจีนศึกษา
700 0^ aอวี้.
945    ^p619^l0^i008624
999    ^aประนอม เกษจรัล
รายการนี้ยังไม่มีแท็ก
คุณยังไม่ได้ล็อกอิน คุณสามารถมีกิจกรรมร่วมกับเว็บไซต์ได้ แต่ต้องล็อกอินก่อน ::
  ล็อกอิน

รายการสื่อสารสนเทศ

ลำดับที่ ประเภท เลขเรียก/บาร์โค้ด สถานที่ สถานะ
1. นวนิยาย
นวนิยาย
นว. ซ696อ ล.2 ฉ.1 
  Barcode: 008624
ห้องสมุดวิทยาเขตสวรรค์ประชารักษ์
►หนังสือทั่วไป
บนชั้น

BibComment


ยังไม่เคยถูกคอมเมนท์

คอมเมนท์ทรัพยากรรายการนี้
  คอมเมนท์: อวลกลิ่นละอองรัก..


 Copyright 2026. Bcnsprnw @Library